000 00619nam a22001697a 4500
003 UA-OsUOA
001 17974
007 ta
008 20040407b un ||||| |||| 00| 0 ukr d
942 _cSA
040 _aUA-OsUOA
_cUA-OsUOA
_dUA-OsUOA
245 _aВ гори йдуть тільки справжні ...бабусі
_bПенсіонерка з Рівного М.Брага піднялася на найвищу вершину Європи - Ельбрус
300 _aС.5
955 _a0
773 0 _w0
_tРівненська газета
_dРівне
_d2004
_g№12/17 берез./
650 7 _aБрага М.
_2UDC
999 _c304144
_d304144